Juguetes de Talia, entretenimientos del numen (Record no. 166547)

MARC details
000 -LEADER
campo de control de longitud fija 01030nam a22001935i 4500
001 - NÚMERO DE CONTROL
campo de control 166547
003 - IDENTIFICADOR DE NÚMERO DE CONTROL
campo de control ES-MaACL
005 - FECHA Y HORA DE LA ÚLTIMA TRANSACCIÓN
campo de control 20250730063147.0
008 - DATOS DE LONGITUD FIJA--INFORMACIÓN GENERAL
campo de control de longitud fija 960529s1795 sp |||| | spa d
040 ## - FUENTE DE CATALOGACIÓN
Centro catalogador/agencia de origen CAV
Lengua de catalogación spa
Centro/agencia transcriptor CCPB | SIC
100 1# - ENTRADA PRINCIPAL--NOMBRE DE PERSONA
Nombre de persona Torres Villarroel, Diego de,
Fechas asociadas al nombre 1693-1770
9 (RLIN) 111026
245 10 - MENCIÓN DEL TÍTULO
Título Juguetes de Talia, entretenimientos del numen
Resto del título : varias poesias que á diferentes asuntos /
Mención de responsabilidad, etc. escribió... Diego de Torres Villarroel... ; tomo VII.
260 ## - PUBLICACIÓN, DISTRIBUCIÓN, ETC.
Lugar de publicación, distribución, etc. Madrid :
Nombre del editor, distribuidor, etc. en la imprenta de la viuda de Ibarra,
Fecha de publicación, distribución, etc. 1795.
300 ## - DESCRIPCIÓN FÍSICA
Extensión [10], 329, [2] p. ;
Dimensiones 8\po\s.
596 ## - NOTA AL PIE DE IMPRENTA
NOTA AL PIE DE IMPRENTA Marca tip. en port.
597 ## - NOTA DE DESCRIPCIÓN FÍSICA
NOTA DE DESCRIPCIÓN FÍSICA Sign.:A-X8, Y3.
852 ## - LOCALIZACIÓN
Ubicación ES-MaACL
Número de control de estantería R-2207-21
Nota libre -- Enc. pasta española
-- -- Las últimas [2] pp., deben ir numeradas en romanos y están mál enc. como indican los reclamos. Tienen que ir enc. entre los prelim. y el texto. En este ejemp. también están mal enc.
Encuadernación -- Edic.: según Palau, es el T. VII de la segunda ed. de las "Obras"Olim: C-31414-28.
Holdings
Estatus retirado Estado de pérdida Estado de daño No para préstamo Colección Biblioteca de origen Biblioteca actual Ubicación en estantería Fecha de adquisición Total de préstamos Signatura topográfica completa Código de barras Visto por última vez Precio de reemplazo Tipo de ítem Koha
        Libros del s. XVIII Biblioteca del Ateneo de Madrid Biblioteca del Ateneo de Madrid Depósito 17/01/2008   R-2207-21 1174677 23/02/2023 23/02/2023 Libro impreso antiguo